<?xml version="1.0" encoding="UTF-8"?>
<collection xmlns="http://www.loc.gov/MARC21/slim">
    <record>
        <controlfield tag="001">66956</controlfield>
        <controlfield tag="005">20180223094729.0</controlfield>
        <datafield tag="037" ind1=" " ind2=" ">
            <subfield code="a">GDOC-2016-28763</subfield>
        </datafield>
        <datafield tag="041" ind1=" " ind2=" ">
            <subfield code="a">spa</subfield>
        </datafield>
        <datafield tag="100" ind1=" " ind2=" ">
            <subfield code="0">(orcid)0000-0002-9488-1990</subfield>
            <subfield code="1">693568</subfield>
            <subfield code="a">Morales Arribas, Miguel Angel</subfield>
        </datafield>
        <datafield tag="245" ind1="0" ind2="0">
            <subfield code="9">28763</subfield>
            <subfield code="a">Ingeniería de los elementos prefabricados</subfield>
        </datafield>
        <datafield tag="260" ind1=" " ind2=" ">
            <subfield code="a">Zaragoza</subfield>
            <subfield code="b">Universidad de Zaragoza</subfield>
            <subfield code="c">2016-2017</subfield>
        </datafield>
        <datafield tag="520" ind1=" " ind2=" ">
            <subfield code="a">Breve presentación de la asignatura
La asignatura de "Ingeniería de los Elementos Prefabricados" de Tercer Curso de "Ingeniería Civil" tiene en el actual Plan de Estudios una carga lectiva de 6 créditos ECTS y se imparte en el primer cuatrimestre, siendo de carácter obligatorio en la especialidad “Construcciones Civiles”. Se imparte en Cuarto Curso, con carácter optativo en los itinerarios de Hidrología y Transportes y Servicios Urbanos.
Una de las necesidades fundamentales de la ingeniería de construcción es la de, valga la redundancia, CONSTRUIR en cualquiera de sus diferentes ámbitos: planeamiento, proyecto, ejecución, mantenimiento, gestión, etc. Esa actividad debe realizarse bajo unas condiciones estructurales de permanencia, estabilidad y durabilidad, sin perjuicio del factor económico. Por este motivo en todas las escuelas de Ingenieros Civiles se asigna una parcela importante de sus planes de estudios a la formación estructural de sus alumnos.
Dentro de esta formación estructural se enmarca la asignatura Ingeniería de los Elementos Prefabricados. En el mundo actual se apuesta, cada vez más, por los procesos que ofrezcan garantías de seguridad y las soluciones prefabricadas cumplen con ambos puntos.
Cada día con mayor profusión las obras públicas y de edificación se resuelven con soluciones prefabricadas, que suelen ser más rápidas de ejecución que las soluciones in situ, y ofrecen unos niveles de calidad y homogeneidad muy altos.</subfield>
            <subfield code="b"> </subfield>
        </datafield>
        <datafield tag="521" ind1=" " ind2=" ">
            <subfield code="9">141</subfield>
            <subfield code="a">Ingeniería Civil</subfield>
        </datafield>
        <datafield tag="540" ind1=" " ind2=" ">
            <subfield code="a">by-nc-sa</subfield>
            <subfield code="b">Creative Commons</subfield>
            <subfield code="c">3.0</subfield>
            <subfield code="u">http://creativecommons.org/licenses/by-nc-sa/3.0/</subfield>
        </datafield>
        <datafield tag="830" ind1=" " ind2=" ">
            <subfield code="9">423</subfield>
        </datafield>
        <datafield tag="856" ind1="4" ind2=" ">
            <subfield code="s">11970</subfield>
            <subfield code="u">http://zaguan.unizar.es/record/66956/files/guia-28763-en.pdf</subfield>
            <subfield code="y">Guide (english)</subfield>
        </datafield>
        <datafield tag="856" ind1="4" ind2=" ">
            <subfield code="s">19487</subfield>
            <subfield code="u">http://zaguan.unizar.es/record/66956/files/guia-28763-es.pdf</subfield>
            <subfield code="y">Guía (idioma español)</subfield>
        </datafield>
        <datafield tag="970" ind1=" " ind2=" ">
            <subfield code="a">GDOC-2016-28763</subfield>
        </datafield>
        <datafield tag="980" ind1=" " ind2=" ">
            <subfield code="a">GDOC</subfield>
            <subfield code="b">Ingeniería y arquitectura</subfield>
            <subfield code="c">175</subfield>
        </datafield>
    </record>

    
</collection>